The practice of programming

Αποθηκεύτηκε σε:
Λεπτομέρειες βιβλιογραφικής εγγραφής
Κύριος συγγραφέας: Kernighan, Brian W.
Άλλοι συγγραφείς: Pike, Rob
Μορφή: Βιβλίο
Γλώσσα:English
Δημοσίευση: Reading, Mass. : Addison-Wesley, c1999
Σειρά:Addison-Wesley professional computing series
Θέματα:
Ετικέτες: Προσθήκη ετικέτας
Δεν υπάρχουν, Καταχωρήστε ετικέτα πρώτοι!

MARC

LEADER 00000nam a2200000 i 4500
001 1/94780
008 991202s1999 eng d
020 |a 020161586X 
035 |l 10054983 
040 |a GR-MY-UA  |b gre  |e aacr 
041 0 |a eng 
082 0 |a 005.1 
100 1 |a Kernighan, Brian W. 
245 1 4 |a The practice of programming /  |c Brian W. Kernighan, Rob Pike 
260 |a Reading, Mass. :   |b Addison-Wesley,   |c c1999 
300 |a xii, 267 p.;  |b ill.;  |c 24 cm. 
490 1 |a Addison-Wesley professional computing series 
504 |a Includes bibliographical referenceses and index 
650 0 0 |a Programming (Computers) 
700 1 |a Pike, Rob. 
830 0 |a Addison-Wesley professional computing series 
852 |a INST  |b SAMOS  |e 19991202  |h 005.1 KER  |p 005300016530  |q 005300016530  |t BK  |y 23 
852 |a INST  |b SAMOS  |e 20010329  |h 005.1 KER  |p 005300021242  |q 005300021242  |t BK  |y 0 
852 |a INST  |b SAMOS  |e 20010329  |h 005.1 KER  |p 005300021243  |q 005300021243  |t BK  |y 0 
852 |a INST  |b SAMOS  |e 20010329  |h 005.1 KER  |p 005300021244  |q 005300021244  |t BK  |y 0 
852 |a INST  |b SAMOS  |e 20010329  |h 005.1 KER  |p 005300021245  |q 005300021245  |t BK  |y 0 
852 |a INST  |b SAMOS  |e 20010329  |h 005.1 KER  |p 005300021246  |q 005300021246  |t BK  |y 0 
852 |a INST  |b SAMOS  |e 20010329  |h 005.1 KER  |p 005300021247  |q 005300021247  |t BK  |y 0 
901 |a BIBL3-2001-1 
901 |a BIBL3-1999-3 
909 |a Σ  |b 086169 
909 |a Σ  |b 069860 
909 |a Σ  |b 086170 
909 |a Σ  |b 086171 
909 |a Σ  |b 086172 
909 |a Σ  |b 086168 
909 |a Σ  |b 086167 
922 |a 3ΕΛΗ  |b 20000831  |c ΤΠΕΣ/ΠΟΛ  |d LEADER 
922 |a 3ΕΛΗ  |b 199911  |c ΤΠΕΣ  |d ΠΑΠΑΣΩΤΗΡΙΟΥ 
950 |a 133-1999-07-20 
970 |a ΜΑΛΑΓΑΡΗ  |b ΦΩΤΕΙΝΗ  |z 2001/03/29